000 00267nam a22001217a 4500
008 180607b xxu||||| |||| 00| 0 eng d
041 _aeng
080 _a043.3
100 _a0
101 _aMBE-BTH
245 _aAuditimi në Kosovë
_cGjyshnica,Sh
942 _2udc
_cBK
999 _c46548
_d46548